000
00302cam a2200121ua 4500
082
_a
420.09
_b
BAU/HI
100
_a
Baugh, Albert C .
_9
1671
245
_a
History of the Engish Language /
250
_a
1 /
260
_a
Mumbai :
_b
Allied Publishers Pvt Ltd ,
_c
1970.
300
_a
506 ; .
942
_c
BK
999
_c
4041
_d
4041